Excerpta criminologica / 4

Saved in:  
Bibliographic Details
Format: Print Book
Language:German
Published: 1964
In: Excerpta criminologica
Year: 1964
Check availability: HBZ Gateway
Subito Delivery Service: Order now.

MARC

LEADER 00000cam a2200000 cc4500
001 1099424291
003 DE-627
005 20251215014427.0
007 tu
008 920807s1964 xx ||||| 00| ||ger c
035 |a (DE-627)1099424291 
035 |a (DE-576)029424291 
035 |a (DE-599)BSZ029424291 
040 |a DE-627  |b ger  |c DE-627  |e rakwb 
041 |a ger 
245 0 0 |a Excerpta criminologica  |n 4 
264 1 |c 1964 
336 |a Text  |b txt  |2 rdacontent 
337 |a ohne Hilfsmittel zu benutzen  |b n  |2 rdamedia 
338 |a Band  |b nc  |2 rdacarrier 
773 1 8 |a Excerpta criminologica  |w (DE-627)129537837  |w (DE-576)014969947  |w (DE-600)216594-6  |g 4.1964  |q 1964,0004,00  |7 nnas 
889 |w (DE-627)664259472 
935 |i mdedup 
951 |a JV 
ELC |b 1 
LOK |0 000 xxxxxcx a22 zn 4500 
LOK |0 001 2830206983 
LOK |0 003 DE-627 
LOK |0 004 1099424291 
LOK |0 005 20250506081812 
LOK |0 008 150115||||||||||||||||ger||||||| 
LOK |0 040   |a DE-21-110  |c DE-627  |d DE-21-110 
LOK |0 852   |a DE-21-110 
LOK |0 852 1  |m p  |9 00 
LOK |0 935   |a k110 
LOK |0 938   |k p 
LOK |0 939   |a 15-01-15  |b l01 
ORI |a SA-MARC-krimdoka001.raw